US Presidents Without First and Last Letter - Sudden Death #1 - Statistics

General Stats
  • This quiz has been taken 49 times
  • The average score is 12 of 19
Answers on the Grid
Answers color-coded by a green-red scale on the quiz's grid according to % correct below.
RUM
BAM
LINTO
ARTE
IXO
ENNED
RUMA
OOVE
ARDIN
AF
LEVELAN
RTHU
AYE
INCOL
IERC
AYLO
YLE
DAM
ADISO
ISSOUR
ANC
ORRISO
ONAL
ARRI
EWI
AMERO
ARRE
 
Answer Stats
Answer % Correct
LINCOLN INCOL
82%
MADISON ADISO
76%
KENNEDY ENNED
76%
HOOVER OOVE
76%
TAYLOR AYLO
71%
OBAMA BAM
71%
CLEVELAND LEVELAN
71%
TAFT AF
68%
CLINTON LINTO
68%
HARDING ARDIN
66%
ADAMS DAM
66%
NIXON IXO
66%
ARTHUR RTHU
63%
TRUMP RUM
63%
TRUMAN RUMA
55%
CARTER ARTE
50%
PIERCE IERC
50%
TYLER YLE
47%
HAYES AYE
39%
No matching quizzes found
Score Distribution
Percent of People with Each Score
Percentile by Number Answered
Your Score History
You have not taken this quiz